Organizational evolution and strategic management / (Record no. 11408)
[ view plain ]
| 000 -LEADER | |
|---|---|
| fixed length control field | 01450cam a2200361 a 4500 |
| 001 - CONTROL NUMBER | |
| control field | 14009757 |
| 005 - DATE AND TIME OF LATEST TRANSACTION | |
| control field | 20081015070848.0 |
| 008 - FIXED-LENGTH DATA ELEMENTS--GENERAL INFORMATION | |
| fixed length control field | 050620s2006 enka b 001 0 eng d |
| 010 ## - LIBRARY OF CONGRESS CONTROL NUMBER | |
| LC control number | 2005929494 |
| 020 ## - INTERNATIONAL STANDARD BOOK NUMBER | |
| International Standard Book Number | 1412908620 |
| 020 ## - INTERNATIONAL STANDARD BOOK NUMBER | |
| International Standard Book Number | 1412908639 (pbk.) |
| 020 ## - INTERNATIONAL STANDARD BOOK NUMBER | |
| International Standard Book Number | 9781412908627 |
| 024 3# - | |
| -- | 9781412908634 (pbk.) |
| 035 ## - SYSTEM CONTROL NUMBER | |
| System control number | (CStRLIN)PATGB30339017-B |
| 040 ## - CATALOGING SOURCE | |
| Original cataloging agency | UKM |
| Transcribing agency | UKM |
| Modifying agency | BAKER |
| -- | BWKUK |
| -- | NIC |
| -- | PPT |
| -- | DLC |
| 042 ## - AUTHENTICATION CODE | |
| Authentication code | lccopycat |
| 050 00 - LIBRARY OF CONGRESS CALL NUMBER | |
| Classification number | HD58.8 |
| Item number | .D876 2006 |
| 082 00 - DEWEY DECIMAL CLASSIFICATION NUMBER | |
| Classification number | 658.406 |
| Edition number | 22 |
| Item number | DUR |
| 100 1# - MAIN ENTRY--PERSONAL NAME | |
| Personal name | Durand, Rodolphe. |
| 9 (RLIN) | 4155 |
| 245 10 - TITLE STATEMENT | |
| Title | Organizational evolution and strategic management / |
| Statement of responsibility, etc | Rudolphe Durand. |
| 260 ## - PUBLICATION, DISTRIBUTION, ETC. (IMPRINT) | |
| Place of publication, distribution, etc | London ; |
| -- | Thousand Oaks, Calif. : |
| Name of publisher, distributor, etc | SAGE, |
| Date of publication, distribution, etc | 2006. |
| 300 ## - PHYSICAL DESCRIPTION | |
| Extent | x, 190 p. : |
| Other physical details | ill. ; |
| Dimensions | 24 cm. |
| 440 #0 - | |
| -- | Sage strategy series. |
| -- | 4156 |
| 504 ## - BIBLIOGRAPHY, ETC. NOTE | |
| Bibliography, etc | Includes bibliographical references (p. [164]-179) and index. |
| 650 #0 - SUBJECT ADDED ENTRY--TOPICAL TERM | |
| Topical term or geographic name as entry element | Organizational change. |
| 9 (RLIN) | 4157 |
| 650 #0 - SUBJECT ADDED ENTRY--TOPICAL TERM | |
| Topical term or geographic name as entry element | Strategic planning. |
| 9 (RLIN) | 4158 |
| 856 42 - ELECTRONIC LOCATION AND ACCESS | |
| Materials specified | Publisher description |
| Uniform Resource Identifier | <a href="http://www.loc.gov/catdir/enhancements/fy0728/2005929494-d.html">http://www.loc.gov/catdir/enhancements/fy0728/2005929494-d.html</a> |
| 856 41 - ELECTRONIC LOCATION AND ACCESS | |
| Materials specified | Table of contents only |
| Uniform Resource Identifier | <a href="http://www.loc.gov/catdir/enhancements/fy0728/2005929494-t.html">http://www.loc.gov/catdir/enhancements/fy0728/2005929494-t.html</a> |
| 942 ## - ADDED ENTRY ELEMENTS (KOHA) | |
| Source of classification or shelving scheme | Dewey Decimal Classification |
| Item type | Book - Borrowing |
| Withdrawn status | Item status | Source of classification or shelving scheme | Damaged status | Not for loan | Vendor | Home library | Current library | Shelving location | Date acquired | Source of acquisition | Cost, normal purchase price | Serial Enumeration / chronology | Total Checkouts | Total Renewals | Full call number | Barcode | Date last seen | Date last borrowed | Koha item type |
|---|---|---|---|---|---|---|---|---|---|---|---|---|---|---|---|---|---|---|---|
| Dewey Decimal Classification | Alahram | Central Library | Central Library | First floor | 23/04/2009 | 284.50 | 350 | 1 | 1 | 658.406 DUR | 000015990 | 15/07/2025 | 15/12/2020 | Book - Borrowing |